000 00913nam a22002177a 4500
999 _c2732
_d2732
003 AR-CdUCM
008 190305b ||||| |||| 00| 0 spa d
020 _a9972-34-623-4
040 _aMUNICIPALIDAD PROVINCIAL DEL CUSCO
_cBIBLIOTECA MUNICIPAL DEL CUSCO
082 _a394.26985 /
_bT89
100 _aTuero Villa, Juan
_99559
245 _aEl festival de Raqchi :
_bOrigen y evolución folklórica /
260 _aLima :
_bSan Marcos,
_c2006.
300 _a274 páginas ;
_bfotografías, ilustraciones,
_c21 cm.
505 _aContenido: La actividad artesanal en Canchis -- Registro etnohistórico -- Manifestaciones folklóricas -- Génesis y evolución del festival folklórico de Raqchi -- Descentralización ...
650 _aFestival folklorico de Raqchi - Cusco
_99560
650 _aRaqchi, comunidad de Cusco
_99561
650 _aVida y costumbres sociales
_9857
942 _2ddc
_cLIBROS
945 _aachl